La lucha urbana

Gardado en:
Detalles Bibliográficos
Formato: Texto
Materias:
Etiquetas: Engadir etiqueta
Sen Etiquetas, Sexa o primeiro en etiquetar este rexistro!

MARC

LEADER 00000 a a2200000 04500
001 3957
003
040
245 |a La lucha urbana  
650 |a MOVIMIENTOS SOCIALES  
650 |a PARTICIPACION SOCIAL  
650 |a GOBIERNO LOCAL  
650 |a COSTA RICA  
773 |g número 24; páginas 14-18  
999 |c 28145  |d 28145